Lower Saxony Counties - Statistics

General Stats
  • This quiz has been taken 34 times
  • The average score is 22 of 45
Answer Stats
Hint Answer % Correct
County Aurich
74%
County Göttingen
74%
City Braunschweig
70%
City Emden
70%
County Lüneburg
70%
County Oldenburg
70%
County Wolfenbüttel
70%
County Emsland
65%
County Hildesheim
65%
County Osnabrück
65%
County Cuxhaven
61%
City Wolfsburg
61%
County Celle
57%
County Cloppenburg
57%
City Delmenhorst
57%
County Friesland
57%
City Salzgitter
57%
County Ammerland
52%
County Goslar
52%
City Wilhelmshaven
52%
County Harburg
48%
County Helmstedt
48%
County Leer
48%
County Stade
48%
County Wittmund
48%
County Diepholz
43%
County Peine
43%
County Vechta
43%
County Verden
43%
County Wesermarsch
43%
County Grafschaft Bentheim
39%
County Hameln-Pyrmont
39%
County Heidekreis
39%
County Osterholz
39%
County Uelzen
39%
County Gifhorn
35%
County Lüchow-Dannenberg
35%
County Schaumburg
35%
County Nienburg (Weser)
26%
County Northeim
26%
City Oldenburg (City)
22%
City Osnabrück (City)
22%
County Hannover (Region)
17%
County Holzminden
17%
County Rotenburg (Wümme)
17%
No matching quizzes found
Score Distribution
Percent of People with Each Score
Percentile by Number Answered
Your Score History
You have not taken this quiz